Представление документа в формате RUSMARC

ПолеНазваниеЗначение
  Тип записи c
  Библиографический уровень m
001 Контрольный номер RU/УОНБ/EK_N/586544018
005 Дата корректировки 20250520124217.3
010 Индекс ISBN __
9 Тираж 22000 экз.
013 Номер (ISMN) __
d Цена 44 к.
071 Издательские номер (звукозапись и ноты) 21
a Номер, присвоенный агентством 7430
100 Данные общей обработки __
a Данные общей обработки 20180802d1972 u y0rusy0189||||ca
101 Язык документа 0_
a Язык текста rus
f Язык титульного листа rus
102 Страна публикации __
a Страна публикации RU
105 Кодированные данные (монография) __
a Кодированные данные (монография) y###||||000|y
125 Кодированные данные звукозаписи и нотных изданий __
a Форма изложения нотного текста с|
128 Кодированные данные (звукозаписи-физические характеристики) __
a Кодированные данные: Музыкальная форма и тональность или лад ccn
c Инструменты или голоса, рекомендуемые для солистов (устаревшее) vu||
200 Заглавие и сведения об ответственности 1_
a Заглавие Любовь моя первая
b Общее обозначение материала Ноты
e Сведения, относящиеся к заглавию сб. для баяна с надпис. текстом
f Первые сведения об ответственности песни на стихи Владимира Лазарева
210 Выходные данные 1_
a Место издания Москва
c Издательство Музыка
d Дата издания 1972
215 Физическое описание __
a Объем 66 с. включ. обл.
d Формат 24 см
225 Серия 0_
a Серия Популярные песни в сопровождении баяна
e Сведения, относящиеся к заглавию серии 85
327 Примечание о содержании 11
a Примечание о содержании Содерж. : Туликов С. Сын Отечества ; Японский журавлик. - Фельцман О. Парижская мелодия (Рассказ французского рабочего) ; Песня о счастье. - Мануков Р. Любовь моя первая ; Пожелай мне сто ветров. - Фрадкин М. На семи ветрах (Песня о Неизвестном солдате) ; Березы : из кф. "Первый день мира" ; Ночной разговор : из кф. "Если ты прав" ; Тоска по Родине : (Когда мы вдали от Отчизны своей) ; Тишина в городке ; Песня о счастье из кинофильма "Наши знакомые". - Жарковский Е. Давай помолчим ; Будет радуга. - Аедоницкий П. Письма ; Первый причал ; Негромкая песня. - Лядова Л. Родной голос ; Сергею Есенину ; Женщина. - Афанасьев А. Споем и помолчим немного.
464 Аналитический уровень _0
1 2001
a Сын Отечества
e Когда на поле Куликово...
1 700 1
a Туликов
b С.
464 Аналитический уровень _0
1 2001
a Парижская мелодия (Рассказ французского рабочего)
a Рассказ французского рабочего
e Шел человек
1 700 1
a Фельцман
b О.
464 Аналитический уровень _0
1 2001
a Любовь моя первая
e Мне нужна твоя строгость и ласка...
1 700 1
a Мануков
b Р.
464 Аналитический уровень _0
1 2001
a На семи ветрах (Песня о Неизвестном солдате)
e Я упал на семи ветрах...
1 700 1
a Фрадкин
b М.
1 50010
a Песня о Неизвестном солдате
464 Аналитический уровень _0
1 2001
a Давай помолчим
e Мы слушаем ночь, мы глядим в тишину...
1 700 1
a Жарковский
b Е.
464 Аналитический уровень _0
1 2001
a Письма
e Почему ты не пишешь...
1 700 1
a Аедоницкий
b П.
464 Аналитический уровень _0
1 2001
a Родной голос
e Я - Россия, поле золотое...
1 700 1
a Лядова
b Л.
464 Аналитический уровень _0
1 2001
a Споем и помолчим немного
e Окликнем тех, что рядом были...
1 700 1
a Афанасьев
b А.
464 Аналитический уровень _0
1 2001
a Японский журавлик
e Вернувшись из Японии...
1 700 1
a Туликов
b С.
464 Аналитический уровень _0
1 2001
a Пожелай мне сто ветров
e Из окна смотреть рассветы...
1 700 1
a Мануков
b Р.
464 Аналитический уровень _0
1 2001
a Березы
e Я трогаю русые косы...
e из кф. "Первый день мира"
1 700 1
a Фрадкин
b М.
1 50010
a Первый день мира
464 Аналитический уровень _0
1 2001
a Ночной разговор
e Зимний город заснул уже...
e из кф. "Если ты прав"
1 700 1
a Фрадкин
b М.
1 50010
a Если ты прав
464 Аналитический уровень _0
1 2001
a Тоска по Родине (Когда мы вдали от Отчизны своей)
e Когда мы вдали от Отчизны своей...
1 700 1
a Фрадкин
b М.
1 50010
a Когда мы вдали от Отчизны своей
464 Аналитический уровень _0
1 2001
a Тишина в городке
e Здесь леса в тишине шелестят...
1 700 1
a Фрадкин
b М.
464 Аналитический уровень _0
1 2001
a Песня о счастье
e Я оглянусь...
e из кф. "Наши знакомые"
1 700 1
a Фрадкин
b М.
1 50010
a Наши знакомые
464 Аналитический уровень _0
1 2001
a Будет радуга
e Пусть зовет гроза...
1 700 1
a Жарковский
b Е.
464 Аналитический уровень _0
1 2001
a Первый причал
e Юность моя над рекой Окой...
1 700 1
a Аедоницкий
b П.
464 Аналитический уровень _0
1 2001
a Негромкая песня
e Живем в городах высоко над землей...
1 700 1
a Аедоницкий
b П.
464 Аналитический уровень _0
1 2001
a Сергею Есенину
e Широки под Рязанью просторы родные...
1 700 1
a Лядова
b Л.
464 Аналитический уровень _0
1 2001
a Женщина
e Стареют и наши мужчины...
1 700 1
a Лядова
b Л.
500 Унифицированное заглавие 10
a Унифицированное заглавие Песни
512 Заглавие обложки 1_
a Заглавие обложки Любовь моя первая
600 Персоналии _1
a Персоналии (Фамилия) Лазарев, Владимир Яковлевич
606 Тематические рубрики 0_
a Основная рубрика Песни советских композиторов
x Основная подрубрика На стихи поэтов
610 Ключевые слова 0_
a Ключевые слова на стихи поэтов
610 Ключевые слова 0_
a Ключевые слова песни советских композиторов
686 Индексы других классификаций __
a Классификационный индекс 85.954.6-094я43
2 Код системы rubbk
702 Вторичная интеллектуальная ответственность _1
a Фамилия Лазарев
b Имя (инициалы) В.
4 Код отношения 520
801 Источник записи _0
a Страна RU
b Организация Ульяновская ОНБ
c Дата составления 20180802
g Правила каталогизации RCR
801 Источник записи _1
a Страна RU
b Организация Ульяновская ОНБ
c Дата составления 20180802
g Правила каталогизации RCR
901 Тип документа __
t Тип документа m
909 Создатель записи __
a Создатель записи Никитина Т. А.
938 Служебная информация __
a Имя БД noti
b Имя библиотеки УОНБ
c Имя АИБС МАРК-SQL
d Номер DOC_ID в БД 18811